00433nam a2200157Ia 4500003000400000008004100004040001600045082001900061100002200080245004000102260007200142300002000214650001200234650001000246650001900256GCL140319s9999 xx 000 0 eng d aGCL / cGCL04a953.07393bM A1 aMACKENZIE, MEILD.10aAYYUBID CAIRO / cMACKENZIE, MEILD. aالقاهرة : bTHE AMERICAN UNIVERSITY IN CAIRO PRESS ، c1992 a209 ؛ c24 cm.04aHISTORY04aCAIRO04aAYYUBID PERIOD